TÜRKÜLERDEN SEÇMELER (Kayıt no. 765401)

MARC ayrıntıları
000 -LEADER
sabit uzunluktaki kontrol alanı 00250nam a2200097Ia 4500
001 - KONTROL NUMARASI
kontrol alanı 765401
005 - EN SON İŞLEMİN TARİH VE ZAMANI
kontrol alanı 20250826165321.0
008 - SABİT-UZUNLUKTA VERİ ÖĞELERİ--GENEL BİLGİ
sabit uzunluktaki kontrol alanı 250824s9999 xx 000 0 und d
245 #0 - ESER / YAZAR
ESER ADI TÜRKÜLERDEN SEÇMELER
Yazar Adı ERDİNÇ AKBAŞ
260 ## - YAYIN, DAĞITIM, VB.
YAYIN EVİ AKVARYUM YAYINLARI
Mevcut
Düşüm durumu Kayıp durumu Hasar Durumu Ödünç verilmez Ana kütüphane Geçerli Kütüphane Edinilen tarih Toplam ödünç verme sayısı Barkod Son görüntüleme tarihi Fiyatın geçerli olmaya başladığı tarih Koha materyal türü
        TALHA BAYRAKÇI İMAM HATİP ORTAOKULU TALHA BAYRAKÇI İMAM HATİP ORTAOKULU 24.08.2025   10292427 26.08.2025 26.08.2025 Kitaplar
Gemini Bilgi Teknolojileri A.Ş. tarafından düzenlenmiştir.